Atlas en color de medicina legal (Registro nro. 9892)
[ vista simple ]
| 000 -Cabecera | |
|---|---|
| Campo de control de longitud fija | 00565aam a2200229 4500 |
| 005 - Fecha y hora de la última transacción | |
| Campo de control | 20250620165149.0 |
| 008 - Elementos de longitud fija--Información general | |
| Campo de control de longitud fija | 150522b1997 xxu||||| |||| 00| 0 spa d |
| 020 ## - International Standard Book Number | |
| Número Internacional Estándar del Libro (ISBN) | 8445804316 |
| 041 ## - Idioma | |
| Código de idioma | Español |
| 082 ## - Clasificación Decimal Dewey | |
| Número de clasificación | 614.1 S323a |
| 100 ## - Entrada principal--Autor personal | |
| Nombre personal | Schneider, Volkmar |
| 9 (RLIN) | 44332 |
| 245 ## - Título propiamente dicho | |
| Título | Atlas en color de medicina legal |
| 260 ## - Pie de imprenta | |
| Lugar de publicación, distribución, etc. | España |
| 260 ## - Pie de imprenta | |
| Nombre del editor, distribuidor, etc. | Masson |
| 260 ## - Pie de imprenta | |
| Fecha de publicación, distribución, etc. | 1997 |
| 300 ## - Descripción física | |
| Extensión | 182 páginas |
| 300 ## - Descripción física | |
| Otras características físicas | Fotografías a color |
| 490 ## - Serie | |
| Título de la Serie | Investigación Criminal |
| 650 ## - Materia general | |
| Temática (materia general) | MEDICINA LEGAL |
| 650 ## - Materia general | |
| Temática (materia general) | PATOLOGÍA FORENSE |
| 942 ## - Punto de acceso adicional KOHA | |
| Tipo de ítem KOHA | Libro |
| Fuente del sistema de clasificación o colocación | Dewey Decimal Classification |
| Signatura completa | Código de barras | Programa Académico | Tipo de ítem |
|---|---|---|---|
| 614.1 S323a | 5793 | Investigación Criminal | Libro |